Gaming Quiz

Random Gaming or Video Games Quiz

Mass Effect 2 Companions Quiz Stats

 Plays Quiz Updated Feb 20, 2020

Support Sporcle.
Go Orange.
Score 0/12 Timer 03:00
2 Plays Today
Recruited at... Companion % Correct
Cerberus FacilityMiranda Lawson
95.3%
OmegaGarrus Vakarian
93%
Purgatory Prison ShipJack
92.8%
Cerberus FacilityJacob Taylor
89.8%
KorlusUrdnot Grunt
89.5%
HaestromTali Zorah vas Normandy
89.4%
Derelict ReaperLegion
89.1%
OmegaMordin Solus
85.2%
IlliumThane Krios
79.4%
Illium/OmegaSamara/Morinth
79%
Omega (DLC)Zaeed Massani
68.5%
Citadel (DLC)Kasumi Goto
68.2%

You're not logged in!

Compare scores with friends on all Sporcle quizzes.
OR
Log In

From the Vault

Click the US Presidents by Picture (Random Order)

by El_Dandy

American history would be very different if the presidents were inaugurated in random order...
Remove Ads.
Support Sporcle.
Get the best of Sporcle when you Go Orange. This ad-free experience offers more features, more stats, and more fun while also helping to support Sporcle. Thank you for becoming a member.

Show Comments

Extras

Top Quizzes Today


Score Distribution

Your Account Isn't Verified!

In order to create a playlist on Sporcle, you need to verify the email address you used during registration. Go to your Sporcle Settings to finish the process.

Report this User

Report this user for behavior that violates our Community Guidelines.

Details: